MARC

LEADER 00000nam0a2200000 4500
001 290014
005 20231102000237.0
035 |a (RuTPU)RU\TPU\book\314542 
090 |a 290014 
100 |a 20150403d1979 k y0rusy50 ca 
101 0 |a rus 
102 |a RU 
105 |a y z 000zy 
200 1 |a Философия и технические науки  |f Г. И. Шеменев 
210 |a Москва  |c Высшая школа  |d 1979 
215 |a 120 с. 
606 1 |a Техника  |x Философские проблемы  |2 stltpush  |3 (RuTPU)RU\TPU\subj\60025  |9 77515 
610 1 |a техническое знание 
610 1 |a технические науки 
610 1 |a гносеологический анализ 
610 1 |a технические исследования 
610 1 |a методология 
675 |a 62:1  |v 3 
700 1 |a Шеменев  |b Г. И.  |g Гавриил Ильич 
801 1 |a RU  |b 63413507  |c 20150403 
801 2 |a RU  |b 63413507  |c 20170502  |g RCR 
942 |c BK